000 00431 a2200157 4500
005 20250415084925.0
020 _a0-471-19121-3
082 _a657.046 KIE
100 _aKIESO, D. E.
245 _aIntermediate Accounting: Volume 1
250 _a9th Ed.
260 _aNew York,
_bJohn Wiley,
_c1998.
300 _axxix, 763p.: ill.; table.
_bBibliographical references, index.
_c29cm.
700 _aWEYGANDT, J. J.
942 _2ddc
_cBKS
999 _c1422
_d1422